Представление документа в формате RUSMARC

ПолеНазваниеЗначение
  Тип записи a
  Библиографический уровень m
001 Контрольный номер RU/SLIB/B/230745857
005 Дата корректировки 20201206204509.0
010 Индекс ISBN __
a ISBN 5-466-00127-9
d Цена 240-00
101 Язык документа __
a Язык текста rus
c Язык оригинала rus
200 Заглавие и сведения об ответственности 1_
a Заглавие Труд иностранцев в России: правовое регулирование
e Сведения, относящиеся к заглавию науч.-практ. пособие
f Первые сведения об ответственности Г. С. Скачкова ; Рос. акад. наук, Ин-т государства и права
b Общее обозначение материала Текст
210 Выходные данные __
a Место издания М.
c Издательство Волтерс Клувер
d Дата издания 2006
215 Физическое описание __
a Объем 249, [1] с.
320 Библиография __
a Библиография Алф.-предм. указ.: с. 248-250
330 Аннотация __
a Аннотация Дается характеристика РФ о статусе иностранцев, работающих в России; раскрываются международные трудовые стандарты регулирования труда иностранцев; определяются основы правового положения иностранцев, работающих в России.
606 Тематические рубрики __
a Основная рубрика Право
y Географическая подрубрика Россия; РФ; Российская Федерация
606 Тематические рубрики __
a Основная рубрика Международное частное право
610 Ключевые слова __
a Ключевые слова трудовые отношения; правовое регулирование; мигранты; иностранцы; законодательство; правовое регламентирование; правовое регулирование труда; международные трудовые отношения; труд иностранцев; трудовые стандарты; международные трудовые стандарты; международные договоры; правовое положение; миграционные карты; трудовая деятельность иностранцев; статус иностранцев; образовательные стандарты; профессиональные стандарты; иностранная рабочая сила; работодатели; регистрация иностранцев; учет иностранцев; депортация иностранцев; административное выдворение
686 Индексы других классификаций __
a Классификационный индекс 67.93
686 Индексы других классификаций __
a Классификационный индекс 67.405(2Рос)
700 Автор _1
a Фамилия Скачкова
b Имя Г. С.
g Полное личное имя Галина Семеновна
4 Код отношения 070
801 Источник записи _0
a Страна RU
b Организация Муниципальное бюджетное учреждение культуры "Централизованная библиотечная система" г. Сургут (Центральная городская библиотека им. А. С. Пушкина)
g Правила каталогизации КиК/Поспелова
801 Источник записи _1
a Страна RU
b Организация Муниципальное бюджетное учреждение культуры "Централизованная библиотечная система" г. Сургут (Центральная городская библиотека им. А. С. Пушкина)
g Правила каталогизации КиК/Поспелова
852 Данные о местонахождении __
j Шифр хранения 67.93
c Каталожный индекс 67.412.2; 67.405(2Рос)
i Авторский знак С 42
901 Тип документа __
t Тип документа m
903 Характеристики (МАРС) __
a Дата передачи 20070503
969 Тип издания __
a Тип издания практическое пособие
990 Данные о заказе (DOS) 00
j Количество экземпляров (DOS) 5
t N записи в КСУ для И/У (DOS) 200705